000
00366nam a2200133Ia 4500
008
231129s9999||||xx |||||||||||||| ||spa||
020
_a
84-672-1224-1
040
_b
spa
082
_a
759.4 M433f
100
_a
Faerna José María
245
0
_a
Matisse: Obras maestras
264
_a
Círculo de Lectores
942
_2
ddc
_c
BKS
999
_c
20796
_d
20796